000 00625nam a2200181 i 4500
001 36275
003 ES-MaACL
007 t|
008 030217s1975 sp ||||1| spa d
100 1 _aBrewer-Carías, Allan Randolph.
_931653
245 1 0 _aCambio político y reforma del Estado en Venezuela /
_cAllan Randolph Brewer-Carías.
260 _aMadrid :
_bTecnos,
_c[1975]
300 _a695 p. ;
_c23 cm.
490 1 _aColección de ciencias sociales. Serie de Ciencia Política
830 0 0 _aColección de ciencias sociales (Tecnos)
_9182672
852 _aES-MaACL
_jE-6619
_bR.91226
999 _c36275
_d36275